Normal view
MARC view
- Silliman-French, Lisa.
Entry Personal Name
001 - CONTROL NUMBER
- control field: 64387
003 - CONTROL NUMBER IDENTIFIER
- control field: OSt
005 - DATE AND TIME OF LATEST TRANSACTION
- control field: 20241206094740.0
008 - FIXED-LENGTH DATA ELEMENTS
- fixed length control field: 241206|| aca||aabn | a|a d
040 ## - CATALOGING SOURCE
- Original cataloging agency: OSt
100 ## - HEADING--PERSONAL NAME
- Personal name: Silliman-French, Lisa.
- Relator term: author.
